[Event "Kolkata GM op 2nd"]
[Site "Kolkata"]
[Date "2015.03.16"]
[Round "1"]
[White "Singh, S Vikramjit"]
[Black "Rahman, Ziaur"]
[Result "1/2-1/2"]
[WhiteElo "2211"]
[BlackElo "2496"]
[PlyCount "37"]
[EventDate "2015.03.16"]
[EventType "swiss"]
[EventRounds "9"]
[EventCountry "IND"]
[SourceTitle "CBM 165 Extra"]
[Source "ChessBase"]
[SourceDate "2015.04.21"]
[SourceVersion "1"]
[SourceVersionDate "2015.04.21"]
[SourceQuality "1"]

1. d4 d5 2. c4 e6 3. Nf3 Nf6 4. g3 Be7 5. Bg2 0-0 6. Nbd2 b6 7. 0-0 Bb7 8. b3 Na6 9. Bb2 Rc8 10. Rc1 c5 11. a3 Ne4 12. dxc5 Nxd2 13. Nxd2 bxc5 14. e3 Bf6 15. Bxf6 Qxf6 16. cxd5 exd5 17. Qc2 Rb8 18. Rfd1 Rfd8 19. Nb1 1/2-1/2

[Event "IND-chB 51st"]
[Site "Bhopal"]
[Date "2013.10.14"]
[Round "3"]
[White "Sethuraman, SP."]
[Black "Singh, S Vikramjit"]
[Result "1-0"]
[WhiteElo "2566"]
[BlackElo "2221"]
[PlyCount "41"]
[EventDate "2013.10.12"]
[EventType "swiss"]
[EventRounds "13"]
[EventCountry "IND"]
[SourceTitle "EXT 2014"]
[Source "ChessBase"]
[SourceDate "2013.11.20"]
[SourceVersion "1"]
[SourceVersionDate "2013.11.20"]
[SourceQuality "1"]

1. d4 Nf6 2. c4 g6 3. Nc3 Bg7 4. e4 d6 5. f3 0-0 6. Be3 c5 7. Nge2 Nc6 8. d5 Ne5 9. Ng3 h5 10. Be2 h4 11. Nf1 e6 12. Nd2 exd5 13. cxd5 a6 14. 0-0 h3 15. g4 b5 16. g5 Nh7 17. f4 Nd7 18. Qc2 Re8 19. Rf3 Bd4 20. Kf1 Bxc3 21. bxc3 1-0

[Event "Chennai op 5th"]
[Site "Chennai"]
[Date "2013.01.23"]
[Round "11"]
[White "Sa, Kannan"]
[Black "Singh, S Vikramjit"]
[Result "0-1"]
[WhiteElo "1939"]
[BlackElo "2223"]
[PlyCount "174"]
[EventDate "2013.01.16"]
[EventType "swiss"]
[EventRounds "11"]
[EventCountry "IND"]
[SourceTitle "CBM 152 Extra"]
[Source "ChessBase"]
[SourceDate "2013.02.25"]
[SourceVersion "1"]
[SourceVersionDate "2013.02.25"]
[SourceQuality "1"]

1. d4 Nf6 2. e3 c5 3. c3 d5 4. Bd3 Nc6 5. Nf3 Bg4 6. Nbd2 e6 7. Qe2 a6 8. h3 Bh5 9. b3 Rc8 10. Bb2 Bd6 11. 0-0 0-0 12. Rad1 Re8 13. g4 Bg6 14. Bxg6 hxg6 15. c4 Qa5 16. dxc5 Bxc5 17. a3 Ba7 18. b4 Qc7 19. Rc1 Qe7 20. Rfd1 Bb8 21. e4 Bf4 22. exd5 exd5 23. Qxe7 Nxe7 24. Be5 Bxd2 25. Nxd2 g5 26. Bg3 dxc4 27. Nxc4 Ne4 28. Nd6 Rxc1 29. Rxc1 Nxd6 30. Bxd6 Nc6 31. Bc5 Rd8 32. Rc3 Rd7 33. Kg2 f6 34. Be3 Kf7 35. Rc5 Ke6 36. b5 axb5 37. Rxb5 Ne5 38. a4 Nc4 39. Kf3 Ne5+ 40. Kg2 Kd6 41. Kg3 Ng6 42. Rb3 Ke5 43. Rb5+ Ke4 44. Rb4+ Kd3 45. Rb2 Kc3 46. Rb5 Kc4 47. Rb1 Ne7 48. Kf3 Ng6 49. Kg3 Re7 50. a5 Kd5 51. Rd1+ Kc6 52. Rb1 Ne5 53. Kg2 Nc4 54. Bb6 Re5 55. Rc1 Kb5 56. Rb1+ Ka6 57. Bc7 Rc5 58. Bd8 Rd5 59. Bc7 Rd7 60. Bb6 Nxa5 61. Bxa5 Kxa5 62. Ra1+ Kb4 63. Rb1+ Kc5 64. Rc1+ Kd5 65. Rd1+ Kc6 66. Rc1+ Kd6 67. Rb1 Kc7 68. Rc1+ Kb8 69. Rb1 Rd3 70. Rb2 Rc3 71. Rb1 Kc7 72. Re1 Rd3 73. Rc1+ Kb8 74. Rb1 Rd6 75. Kf3 Re6 76. Kg3 b6 77. Rb3 Kb7 78. f4 Kc6 79. Rc3+ Kd5 80. fxg5 fxg5 81. Rc7 g6 82. h4 gxh4+ 83. Kxh4 b5 84. Rb7 Kc4 85. Kg5 b4 86. Kh6 b3 87. g5 Rc6 0-1

[Event "Chennai op 5th"]
[Site "Chennai"]
[Date "2013.01.18"]
[Round "5"]
[White "Siva, Mahadevan"]
[Black "Singh, S Vikramjit"]
[Result "1-0"]
[WhiteElo "1904"]
[BlackElo "2223"]
[PlyCount "73"]
[EventDate "2013.01.16"]
[EventType "swiss"]
[EventRounds "11"]
[EventCountry "IND"]
[SourceTitle "CBM 152 Extra"]
[Source "ChessBase"]
[SourceDate "2013.02.25"]
[SourceVersion "1"]
[SourceVersionDate "2013.02.25"]
[SourceQuality "1"]

1. e4 c5 2. Nf3 d6 3. d4 cxd4 4. Nxd4 Nf6 5. Nc3 Nc6 6. Bg5 e6 7. Qd2 a6 8. 0-0-0 Bd7 9. f3 Be7 10. h4 0-0 11. g4 b5 12. Kb1 Rc8 13. Be3 Nxd4 14. Bxd4 Bc6 15. g5 Nd7 16. Bg2 Nc5 17. Qe3 Qc7 18. Qf2 Ba8 19. Rc1 Rb8 20. Qg3 b4 21. Ne2 e5 22. Be3 d5 23. exd5 Bxd5 24. b3 Rfc8 25. Rhd1 Be6 26. f4 Bf5 27. fxe5 Ne6 28. Rd2 Bc5 29. Bxc5 Qxc5 30. Qf3 g6 31. Ng3 Nd4 32. Qf2 Nb5 33. Rd8+ Rxd8 34. Qxc5 Rdc8 35. Qf2 Bxc2+ 36. Kb2 Bd3 37. Bd5 1-0

[Event "New Delhi Parsvnath op 11th"]
[Site "New Delhi"]
[Date "2013.01.07"]
[Round "4"]
[White "Singh, S Vikramjit"]
[Black "Ghosh, Diptayan"]
[Result "0-1"]
[WhiteElo "2223"]
[BlackElo "2442"]
[PlyCount "67"]
[EventDate "2013.01.05"]
[EventType "swiss"]
[EventRounds "11"]
[EventCountry "IND"]
[SourceTitle "EXT 2014"]
[Source "ChessBase"]
[SourceDate "2013.11.20"]
[SourceVersion "1"]
[SourceVersionDate "2013.11.20"]
[SourceQuality "1"]

1. d4 d5 2. Nf3 Nf6 3. c4 c6 4. cxd5 cxd5 5. Nc3 Nc6 6. Bf4 a6 7. h3 Bf5 8. e3 e6 9. Bd3 Bxd3 10. Qxd3 Be7 11. 0-0 0-0 12. Rfc1 Rc8 13. Na4 Ne4 14. Qb3 b5 15. Nc5 Na5 16. Qd1 Nxc5 17. dxc5 Rxc5 18. Rxc5 Bxc5 19. Rc1 Nb7 20. a3 Bd6 21. Rc6 Bxf4 22. exf4 Qa8 23. Qc2 Na5 24. Rc7 Nc4 25. Ng5 g6 26. Qc3 e5 27. b3 Qd8 28. Rxf7 Rxf7 29. Nxf7 Kxf7 30. bxc4 dxc4 31. fxe5 Ke6 32. f4 g5 33. g3 gxf4 34. gxf4 0-1